Score 0/14 Timer 01:30
1 Play Today
Hint 4-Letter Word % Correct
✪ Intense dislike ✪HATE
96.4%
Dinner and a movie, maybe?DATE
95.5%
Rabbit relativeHARE
94.5%
Liver secretionBILE
89.3%
Tightly wrapped hay bundleBALE
89.1%
Narrow shelflike bed, usually tieredBUNK
83.6%
Broad valleyDALE
82.4%
Hint 4-Letter Word % Correct
To injure or damageHARM
79.4%
✪ Mass or volume, esp. when large ✪BULK
70%
To cheat or defraudBILK
67.3%
Canadian teen actor CoreyHAIM
52.8%
✪ Chinese flat-bottomed sailboat ✪JUNK
52.6%
Mutilate, mangleMAIM
50.7%
✪✪ COMMON BOND ✪✪MAIL
34%

Today's Daily Dose

Quick Pick
Colorful Movies

Get the Picture
Dog Breeds II

Remove Ads.
Support Sporcle.
Get the best of Sporcle when you Go Orange. This ad-free experience offers more features, more stats, and more fun while also helping to support Sporcle. Thank you for becoming a member.

You're not logged in!

Compare scores with friends on all Sporcle quizzes.
OR
Log In

Show Comments

Extras

Top Quizzes Today


Score Distribution

Your Account Isn't Verified!

In order to create a playlist on Sporcle, you need to verify the email address you used during registration. Go to your Sporcle Settings to finish the process.

Report this User

Report this user for behavior that violates our Community Guidelines.

Details: